Obras escogidas de Alejo Venegas, Juan de Avila, Luis de Granada, San Juan de la Cruz

Detalles Bibliográficos
Formato: Libro
Publicado: París 1847
Materias:
Colección:Banco de datos
Acervo:Biblioteca del Ex Convento de Nuestra Señora de Guadalupe. Zacatecas
Descripción Física:t. II
Tema general:Ascética
Notas:Buena. XVII,8,6 (5493). Ex libris manuscrito de Fain y Thunot
LEADER 00747nam a22001930004500
035 |a 43990 
036 |a 5174 
245 1 0 |a Obras escogidas de Alejo Venegas, Juan de Avila, Luis de Granada, San Juan de la Cruz 
260 |a París  |b ed. Eugenio de Ochoa, imp. Librería Europea  |c 1847 
300 |a t. II 
500 |a Buena. XVII,8,6 (5493). Ex libris manuscrito de Fain y Thunot 
650 1 0 |a Ascética 
949 |a CRZ-CG 
959 |a Ex convento de Nuestra Señora de Guadalupe, Museo Regional de Zacatecas, Zacatecas  |b CCC4 
960 |a Convento de Nuestra Señora de Guadalupe, Zacatecas  |b DD87 
961 |a Franciscana  |b OF 
942 |c CRZ-CG 
943 |g Biblioteca del Ex Convento de Nuestra Señora de Guadalupe. Zacatecas 
999 |c 968117  |d 968117